Анализ влияния технологических параметров на эффективность процесса HF-алкилирования бензола моноолефинами; Химия и химическая технология в XXI веке; Т. 2

Bibliografske podrobnosti
Parent link:Химия и химическая технология в XXI веке: материалы XII Всероссийской научно-практической конференции студентов и молодых ученых с международным участием, Томск, 11-13 мая 2011 г./ Национальный исследовательский Томский политехнический университет (ТПУ), Институт природных ресурсов (ИПР).— , 2011
Т. 2.— 2011.— [С. 67-69]
Glavni avtor: Продан В. И.
Drugi avtorji: Фетисова В. А. Вероника Александровна (научный руководитель), Ивашкина Е. Н. Елена Николаевна
Izvleček:Заглавие с титульного листа
Электронная версия печатной публикации
Jezik:ruščina
Izdano: 2011
Serija:Секция 4. Технология и моделирование процессов подготовки и переработки природных энергоносителей
Teme:
Online dostop:http://www.lib.tpu.ru/fulltext/v/Conferences/2011/C6/C6a34.pdf
Format: Elektronski Book Chapter
KOHA link:https://koha.lib.tpu.ru/cgi-bin/koha/opac-detail.pl?biblionumber=215856

MARC

LEADER 00000naa2a2200000 4500
001 215856
005 20260105140208.0
035 |a (RuTPU)RU\TPU\book\235803 
035 |a RU\TPU\book\235801 
090 |a 215856 
100 |a 20120518d2011 k y0rusy50 ca 
101 0 |a rus 
102 |a RU 
135 |a drnn ---uucaa 
181 0 |a i  
182 0 |a b 
200 1 |a Анализ влияния технологических параметров на эффективность процесса HF-алкилирования бензола моноолефинами  |f В. И. Продан, В. А. Фетисова  |g науч. рук. Е. Н. Ивашкина 
203 |a Текст  |c электронный 
215 |a 1 файл (862 Кб) 
225 1 |a Секция 4. Технология и моделирование процессов подготовки и переработки природных энергоносителей 
300 |a Заглавие с титульного листа 
300 |a Электронная версия печатной публикации 
320 |a [Библиогр.: с. 68-69 (4 назв.)] 
337 |a Adobe Reader 
461 1 |0 (RuTPU)RU\TPU\book\218704  |t Химия и химическая технология в XXI веке  |o материалы XII Всероссийской научно-практической конференции студентов и молодых ученых с международным участием, Томск, 11-13 мая 2011 г.  |o в 2 т.  |f Национальный исследовательский Томский политехнический университет (ТПУ), Институт природных ресурсов (ИПР)  |d 2011 
463 1 |0 (RuTPU)RU\TPU\book\218881  |t Т. 2  |v [С. 67-69]  |d 2011 
610 1 |a бензолы 
610 1 |a моноолефины 
610 1 |a алкилирование 
610 1 |a эффективность 
610 1 |a технологические параметры 
610 1 |a труды учёных ТПУ 
610 1 |a электронный ресурс 
700 1 |a Продан  |b В. И. 
701 1 |a Фетисова  |b В. А.  |c специалист в области химической технологии топлива  |c аспирант Томского политехнического университета  |f 1986-  |g Вероника Александровна  |3 (RuTPU)RU\TPU\pers\25649 
702 1 |a Ивашкина  |b Е. Н.  |c специалист в области химической технологии  |c доцент Томского политехнического университета, кандидат технических наук  |f 1983-  |g Елена Николаевна  |3 (RuTPU)RU\TPU\pers\24965  |4 727 
801 1 |a RU  |b 63413507  |c 20120118 
801 2 |a RU  |b 63413507  |c 20130218  |g RCR 
856 4 |u http://www.lib.tpu.ru/fulltext/v/Conferences/2011/C6/C6a34.pdf 
942 |c CF